000 00634nam a22001697a 4500
003 NUST
038 _aNusrat Nadeem
082 _a200
100 _aSadia, Khansa
_9125141
245 _aIdentification of the Barriers to Implementation of Blockchain Technology in Cold Food Supply Chain: An Integrated Approach of Fuzzy DEMATEL and Fuzzy-SBWM/
_cKhansa Sadia,
264 _aIslamabad;
_bNBS NUST;
_c2024.
300 _a86,p;
_bill;
_c2024.
650 _aMS- Operations and Supply Chain
_9122989
700 _aSupervisor: Dr. Waqas Ahmed
_9118335
856 _u http://10.250.8.41:8080/xmlui/handle/123456789/45388
942 _2ddc
_cSC
999 _c611136
_d611136